000 00719nam a2200241Ia 4500
003 OSt
005 20260525145408.0
008 210210b1994 xxu||||| |||| 00| 0 eng d
040 _cAL
041 _aKannada
082 _a181.4K KRAS
100 _aKRASHNAMURTI (J).
_dಕೃಷ್ಣಮೂರ್ತಿ (ಜೆ)
_9264506
245 _aShikshana mattu jeevanada artha.
_bಶಿಕ್ಷಣ ಮತ್ತು ಜೀವನದ ಅರ್ಥ
260 _aDharwada.
_bSamaja Pusthakalaya.,
_c1994
300 _a114,iv
650 _aShikshana
_9264507
650 _amattu
_9264508
650 _ajeevanada
_9264509
650 _aartha.
_9264510
690 _aIndian Philosophy
_9264511
906 _a050757
942 _2ddc
_cBK
999 _c99129
_d99129